| 000 | 00541nam a22001817a 4500 | ||
|---|---|---|---|
| 003 | CEME | ||
| 005 | 20210628203339.0 | ||
| 008 | 210115b xxu||||| |||| 00| 0 eng d | ||
| 020 | _a0-07-144868-3 | ||
| 040 | _cceme | ||
| 082 | _a696.10151 WOO | ||
| 100 |
_aWoodson, R. Dodge _945615 |
||
| 245 | _aPlumber's and pipe fitter's calculations manual | ||
| 260 |
_aNEW YORK _bMCGRAW HILL _c2005 |
||
| 300 | _aIX,325 P | ||
| 650 |
_aPLUMBING- MATHEMATICS. PIPE FITTINGS-MATHEMATICS. ENGINEERING MATHEMATICS-FORMULAS _964878 |
||
| 942 |
_cBK _2ddc |
||
| 999 |
_c573242 _d573242 |
||